[Event "CP-2016-S-00004"]
[Site "LSS email"]
[Date "2016.03.06"]
[Round "?"]
[White "Broniek, Mariusz Maciej"]
[Black "Pannekoek, Willem Jan"]
[Result "1/2-1/2"]
[WhiteElo "2390"]
[BlackElo "2417"]
[PlyCount "83"]
[EventDate "2016.03.10"]
[EventType "tourn (corr)"]
[EventRounds "7"]
[EventCountry "GER"]
[SourceTitle "Corr 2022"]
[Source "ChessBase"]
[SourceDate "2021.10.24"]
[SourceVersion "1"]
[SourceVersionDate "2021.10.24"]
[SourceQuality "1"]

1. e4 c5 2. Nf3 d6 3. d4 cxd4 4. Nxd4 Nf6 5. Nc3 g6 6. Be3 Bg7 7. f3 0-0 8. Qd2 Nc6 9. Bc4 Bd7 10. 0-0-0 Rc8 11. Bb3 Nxd4 12. Bxd4 b5 13. a3 a5 14. Kb1 b4 15. axb4 axb4 16. Na2 Qc7 17. Rhe1 Be6 18. Bxe6 fxe6 19. Nxb4 Ra8 20. c3 Nd7 21. Bxg7 Kxg7 22. b3 Nc5 23. Kb2 Ra5 24. Ra1 Rfa8 25. Rxa5 Rxa5 26. Kc2 Qa7 27. Rb1 Ra3 28. Qe3 e5 29. h3 Qa5 30. Qg5 Kf7 31. Qh6 Kg8 32. Qc1 Kg7 33. g4 Na6 34. Nc6 Ra2+ 35. Rb2 Rxb2+ 36. Kxb2 Qc7 37. Nb4 Nxb4 38. cxb4 Qb6 39. Qd2 Qb5 40. h4 Qf1 41. Qe3 Qb5 42. Kc3 1/2-1/2

[Event "CP-2014-Q-00007"]
[Site "LSS email"]
[Date "2014.12.02"]
[Round "?"]
[White "Sorcinelli, Andrea"]
[Black "Pannekoek, Willem Jan"]
[Result "1/2-1/2"]
[WhiteElo "2211"]
[BlackElo "2392"]
[PlyCount "46"]
[EventDate "2014.12.08"]
[EventType "tourn (corr)"]
[EventRounds "6"]
[EventCountry "GER"]
[SourceTitle "Corr 2022"]
[Source "ChessBase"]
[SourceDate "2021.10.24"]
[SourceVersion "1"]
[SourceVersionDate "2021.10.24"]
[SourceQuality "1"]

1. e4 c5 2. Nf3 Nc6 3. d4 cxd4 4. Nxd4 Nf6 5. Nc3 e5 6. Ndb5 d6 7. Bg5 a6 8. Na3 b5 9. Nd5 Be7 10. Bxf6 Bxf6 11. c4 b4 12. Nc2 a5 13. Qf3 Be6 14. Rd1 a4 15. Ndxb4 Nxb4 16. Nxb4 Qb8 17. Qa3 0-0 18. Bd3 Rc8 19. 0-0 Bd8 20. Nd5 Bxd5 21. cxd5 Bb6 22. b4 axb3 23. Qxb3 Bc5 1/2-1/2

[Event "WC-2014-Q-00012"]
[Site "LSS email"]
[Date "2014.11.12"]
[Round "?"]
[White "Egorov, Vladimir Al"]
[Black "Pannekoek, Willem Jan"]
[Result "0-1"]
[WhiteElo "2337"]
[BlackElo "2392"]
[PlyCount "123"]
[EventDate "2014.11.20"]
[EventType "tourn (corr)"]
[EventRounds "12"]
[EventCountry "GER"]
[SourceTitle "Corr 2022"]
[Source "ChessBase"]
[SourceDate "2021.10.24"]
[SourceVersion "1"]
[SourceVersionDate "2021.10.24"]
[SourceQuality "1"]

1. d4 d5 2. c4 c6 3. Nf3 Nf6 4. Nc3 e6 5. e3 Nbd7 6. Qc2 Bd6 7. b3 0-0 8. Be2 b6 9. 0-0 Bb7 10. Bb2 Qe7 11. Rad1 Rad8 12. Rfe1 Rfe8 13. Bf1 e5 14. cxd5 e4 15. Nh4 Bxh2+ 16. Kxh2 Ng4+ 17. Kh3 Ndf6 18. g3 cxd5 19. Bb5 g5 20. Bxe8 Rxe8 21. f3 Nh6 22. Qh2 exf3 23. Nxf3 g4+ 24. Kg2 gxf3+ 25. Kxf3 Nhg4 26. Qh4 h6 27. Kg2 Qd7 28. Kg1 Ba6 29. Qh3 Qf5 30. Qg2 Nxe3 31. Qf2 Qxf2+ 32. Kxf2 Nxd1+ 33. Rxd1 Kg7 34. a4 Bc8 35. Bc1 Bf5 36. Rh1 Ng4+ 37. Kf3 Kg6 38. Bf4 h5 39. Rc1 Be4+ 40. Nxe4 Rxe4 41. Rd1 a5 42. Bc1 f6 43. Bf4 Nh6 44. Bc7 Re6 45. Bf4 Nf5 46. Rd3 Re4 47. Bc7 Rxd4 48. Ke2 Rxd3 49. Kxd3 Ne7 50. Bxb6 Nc6 51. Ke3 Kg5 52. Kf3 Kf5 53. Bc5 Ne5+ 54. Ke3 Kg4 55. b4 axb4 56. Bxb4 Kxg3 57. Be1+ Kg4 58. Bc3 h4 59. a5 Nc6 60. a6 f5 61. Kf2 f4 62. Ba5 0-1

[Event "WC-2014-Q-00012"]
[Site "LSS email"]
[Date "2014.11.12"]
[Round "?"]
[White "Felicio, Clairton"]
[Black "Pannekoek, Willem Jan"]
[Result "1/2-1/2"]
[WhiteElo "2346"]
[BlackElo "2392"]
[PlyCount "57"]
[EventDate "2014.11.20"]
[EventType "tourn (corr)"]
[EventRounds "12"]
[EventCountry "GER"]
[SourceTitle "Corr 2022"]
[Source "ChessBase"]
[SourceDate "2021.10.24"]
[SourceVersion "1"]
[SourceVersionDate "2021.10.24"]
[SourceQuality "1"]

1. e4 c5 2. Nf3 Nc6 3. d4 cxd4 4. Nxd4 Nf6 5. Nc3 e5 6. Ndb5 d6 7. Bg5 a6 8. Na3 b5 9. Bxf6 gxf6 10. Nd5 f5 11. Bd3 Be6 12. 0-0 Bxd5 13. exd5 Ne7 14. Re1 Bg7 15. c3 0-0 16. Nc2 Re8 17. a4 e4 18. Bf1 bxa4 19. Rxa4 Qb6 20. Rb4 Qc5 21. Qh5 Rab8 22. Rxb8 Rxb8 23. Nb4 Rf8 24. Bxa6 Nxd5 25. Qxf5 Nxb4 26. Qxc5 dxc5 27. cxb4 cxb4 28. Rxe4 Bxb2 29. Rxb4 1/2-1/2

[Event "WC-2014-Q-00012"]
[Site "LSS email"]
[Date "2014.11.12"]
[Round "?"]
[White "Pannekoek, Willem Jan"]
[Black "Moskalenko, Eduard"]
[Result "1/2-1/2"]
[WhiteElo "2392"]
[BlackElo "2241"]
[PlyCount "59"]
[EventDate "2014.11.20"]
[EventType "tourn (corr)"]
[EventRounds "12"]
[EventCountry "GER"]
[SourceTitle "Corr 2022"]
[Source "ChessBase"]
[SourceDate "2021.10.24"]
[SourceVersion "1"]
[SourceVersionDate "2021.10.24"]
[SourceQuality "1"]

1. d4 d5 2. c4 c6 3. Nf3 Nf6 4. Nc3 e6 5. Bg5 h6 6. Bh4 dxc4 7. e4 g5 8. Bg3 b5 9. Be2 Bb7 10. e5 Nd5 11. Nd2 Nxc3 12. bxc3 c5 13. Bf3 Bd5 14. Ne4 Nd7 15. Nd6+ Bxd6 16. Bxd5 Be7 17. Bc6 Rc8 18. d5 Rxc6 19. dxc6 Nb6 20. f4 Qxd1+ 21. Rxd1 gxf4 22. Bxf4 Nd5 23. Bd2 Kd8 24. Rf1 Rh7 25. a4 b4 26. Rf4 Nxf4 27. Bxf4+ Kc8 28. Rd7 Bg5 29. Bg3 Rh8 30. Bf2 1/2-1/2

[Event "WC-2014-S-00004"]
[Site "LSS email"]
[Date "2014.01.13"]
[Round "?"]
[White "Pannekoek, Willem Jan"]
[Black "Depasse, Jean Marc"]
[Result "1/2-1/2"]
[WhiteElo "2435"]
[BlackElo "2382"]
[PlyCount "63"]
[EventDate "2018.02.10"]
[EventType "tourn (corr)"]
[EventRounds "12"]
[EventCountry "GER"]
[SourceTitle "Corr 2022"]
[Source "ChessBase"]
[SourceDate "2021.10.24"]
[SourceVersion "1"]
[SourceVersionDate "2021.10.24"]
[SourceQuality "1"]

1. d4 Nf6 2. c4 e6 3. g3 d5 4. Nf3 Bb4+ 5. Bd2 Be7 6. Bg2 0-0 7. 0-0 c6 8. Qc2 b6 9. Rd1 Nbd7 10. Bf4 Ba6 11. Ne5 Rc8 12. Nc3 Bxc4 13. Nxc4 dxc4 14. e4 b5 15. a4 a6 16. axb5 axb5 17. d5 cxd5 18. exd5 e5 19. Bg5 Qb6 20. Ne4 Bc5 21. Nxc5 Nxc5 22. d6 Nd3 23. Bxf6 gxf6 24. Qe2 Rfd8 25. Be4 Kf8 26. Bxd3 cxd3 27. Qxd3 Kg7 28. b3 Rc6 29. d7 Rc7 30. Qe2 Qe6 31. Qxb5 Rcxd7 32. Rxd7 1/2-1/2

[Event "WC-2014-S-00004"]
[Site "LSS email"]
[Date "2014.01.13"]
[Round "?"]
[White "Percze, Raymond"]
[Black "Pannekoek, Willem Jan"]
[Result "1/2-1/2"]
[WhiteElo "2409"]
[BlackElo "2435"]
[PlyCount "105"]
[EventDate "2018.02.10"]
[EventType "tourn (corr)"]
[EventRounds "12"]
[EventCountry "GER"]
[SourceTitle "Corr 2022"]
[Source "ChessBase"]
[SourceDate "2021.10.24"]
[SourceVersion "1"]
[SourceVersionDate "2021.10.24"]
[SourceQuality "1"]

1. e4 e5 2. Nf3 Nc6 3. Bb5 a6 4. Ba4 Nf6 5. 0-0 Nxe4 6. d4 b5 7. Bb3 d5 8. dxe5 Be6 9. Nbd2 Nc5 10. c3 Be7 11. Bc2 d4 12. Nb3 d3 13. Bb1 Nxb3 14. axb3 Bf5 15. Be3 0-0 16. Re1 Qd5 17. Bd4 d2 18. Re2 Bxb1 19. Rxb1 Nxd4 20. Nxd4 Bg5 21. g3 c5 22. Nf5 Qd3 23. Nd6 Qg6 24. h4 Bxh4 25. Rxd2 Be7 26. Ra1 f6 27. Qf3 fxe5 28. Qd5+ Kh8 29. Qxe5 Bg5 30. Rd5 Bf4 31. Qe4 Bxd6 32. Qxg6 hxg6 33. Rxd6 Rf6 34. Rd5 Re8 35. Kf1 c4 36. bxc4 bxc4 37. Rd2 Rb8 38. Kg2 Rb5 39. Re1 Kh7 40. Re7 Kh6 41. Re4 Rfb6 42. Rh4+ Kg5 43. Rf4 Kh5 44. Rxc4 Rxb2 45. Rd5+ g5 46. Rh4+ Kg6 47. Rg4 Kh6 48. Rgxg5 g6 49. Rg4 Rf6 50. Rh4+ Kg7 51. Rf4 Rxf4 52. gxf4 Rc2 53. Ra5 1/2-1/2

[Event "WC-2015-Q-00010"]
[Site "LSS email"]
[Date "2012.09.11"]
[Round "?"]
[White "Nemec, Zdenek"]
[Black "Pannekoek, Willem Jan"]
[Result "1/2-1/2"]
[WhiteElo "2161"]
[BlackElo "2316"]
[PlyCount "101"]
[EventDate "2012.09.17"]
[EventType "tourn (corr)"]
[EventRounds "10"]
[EventCountry "GER"]
[SourceTitle "Telechess CBM 165"]
[Source "ChessBase"]
[SourceDate "2015.03.11"]
[SourceVersion "1"]
[SourceVersionDate "2015.03.11"]
[SourceQuality "1"]

1. e4 c5 2. Nf3 d6 3. d4 cxd4 4. Nxd4 Nf6 5. Nc3 a6 6. Bg5 Nbd7 7. Qe2 Qa5 8. h4 h6 9. Bd2 Qc7 10. g4 Ne5 11. g5 hxg5 12. Bxg5 Bg4 13. f3 Bh5 14. 0-0-0 e6 15. Qg2 Be7 16. Rd2 0-0-0 17. f4 Ned7 18. f5 e5 19. Nb3 Nb6 20. Rh3 Kb8 21. Bxf6 Bxf6 22. Nd5 Nxd5 23. Rxd5 Rc8 24. Kb1 Bxh4 25. Na5 Be1 26. Nxb7 Kxb7 27. Rb3+ Ka8 28. Ra3 Bb4 29. Rxa6+ Kb7 30. Ra4 Bc5 31. Ba6+ Kc6 32. Bxc8 Rxc8 33. Qf1 g6 34. fxg6 Bxg6 35. Qd3 Kd7 36. Rxe5 Bf2 37. Rb5 Qc6 38. Rbb4 Rh8 39. a3 Bc5 40. Rc4 Qb5 41. Qf3 Rh5 42. b3 Qb7 43. Qf6 Re5 44. Kb2 Qb8 45. Qf4 Qh8 46. Ka2 Qe8 47. Qh4 Rh5 48. Qf4 Re5 49. Qh4 Rh5 50. Qg4+ Qe6 51. Qf3 1/2-1/2

[Event "CP-2012-F-00001"]
[Site "LSS email"]
[Date "2012.08.09"]
[Round "?"]
[White "Loinjak, Sinisa"]
[Black "Pannekoek, Willem Jan"]
[Result "1-0"]
[WhiteElo "2598"]
[BlackElo "2376"]
[PlyCount "99"]
[EventDate "2012.08.15"]
[EventType "tourn (corr)"]
[EventRounds "16"]
[EventCountry "GER"]
[SourceTitle "Corr 2022"]
[Source "ChessBase"]
[SourceDate "2021.10.24"]
[SourceVersion "1"]
[SourceVersionDate "2021.10.24"]
[SourceQuality "1"]

1. d4 Nf6 2. c4 g6 3. Nf3 Bg7 4. Nc3 d5 5. Qb3 dxc4 6. Qxc4 0-0 7. e4 a6 8. Be2 b5 9. Qb3 Nc6 10. e5 Be6 11. exf6 Bxb3 12. fxg7 Kxg7 13. axb3 Nxd4 14. Nxd4 Qxd4 15. 0-0 c6 16. Bf3 Qd7 17. b4 Qd6 18. Ne4 Qxb4 19. Bd2 Qc4 20. Rfc1 Qe6 21. Nc5 Qd6 22. Ba5 Rfc8 23. Rc3 Qf4 24. Re3 Ra7 25. Rd1 Kg8 26. h3 Qf5 27. b4 Qc2 28. Bb6 Raa8 29. Rxe7 Rcb8 30. Nd7 Rxb6 31. Nxb6 Rb8 32. Nd7 Rd8 33. g3 Qc3 34. Re3 Qb2 35. Kg2 Kg7 36. Re4 a5 37. bxa5 Qa3 38. Rf4 Qxa5 39. Ne5 Rxd1 40. Bxd1 Qc3 41. Nxf7 c5 42. Nd6 Qd2 43. Rf7+ Kg8 44. Rd7 Kf8 45. Bg4 Qd5+ 46. Bf3 Qe5 47. Nxb5 c4 48. Rd5 Qe1 49. Rc5 Qb1 50. Nd6 1-0